[Event "Oberjoch"]
[Site "?"]
[Date "2001.??.??"]
[Round "7"]
[White "Aigner, Georg"]
[Black "Kumeth, Hartmut"]
[Result "1-0"]
[WhiteElo "1854"]
[BlackElo "1665"]
[Annotator "ChessOrg"]
[PlyCount "87"]

1. e4 e5 2. Nf3 d6 3. d4 exd4 4. Nxd4 Nf6 5. Nc3 c6 6. Be2 Be7 7. O-O O-O 8. f4
b6 9. Bf3 Bb7 10. Nf5 g6 11. Ng3 Kg7 12. b3 Rg8 13. Bb2 Kf8 14. Qd2 Na6 15.
Rad1 Nc5 16. Qe3 Qc7 17. Ba3 Re8 18. Qd2 Rd8 19. Qe3 Kg7 20. Bb2 Kf8 21. Rd2
Ne6 22. Rfd1 d5 23. Nce2 Bc5 24. Bd4 dxe4 25. Bxc5+ bxc5 26. Rxd8+ Nxd8 27.
Qxc5+ Kg7 28. Nxe4 Ne6 29. Qc3 Qe7 30. g4 h6 31. g5 hxg5 32. fxg5 Nxg5 33. Nxg5
Kh6 34. Nh3 Nd5 35. Qd2+ g5 36. Bxd5 cxd5 37. Ng3 Qc5+ 38. Qf2 Qc7 39. Qf6+ Kh7
40. Nf5 Qc5+ 41. Rd4 Qf8 42. Nxg5+ Rxg5+ 43. Qxg5 Qg8 44. Rh4# 1-0

[Event "Oberjoch"]
[Site "?"]
[Date "2001.??.??"]
[Round "7"]
[White "Haase, Wolfgang"]
[Black "Schulz, Hermann"]
[Result "1-0"]
[WhiteElo "2053"]
[BlackElo "1696"]
[Annotator "ChessOrg"]
[PlyCount "95"]

1. e4 c5 2. c3 d5 3. exd5 Qxd5 4. d4 e6 5. Nf3 Nf6 6. Na3 Be7 7. Be3 cxd4 8.
Nb5 Qd8 9. Nbxd4 O-O 10. Bd3 Bd7 11. Ne5 Nc6 12. Ndxc6 Bxc6 13. Nxc6 bxc6 14.
Qc2 h6 15. Rd1 Qc7 16. g3 Ng4 17. Bf4 e5 18. Qe2 Nxf2 19. Bxe5 Nxd3+ 20. Rxd3
Qa5 21. b4 Qb5 22. Re3 Qd5 23. O-O Bg5 24. Bf4 Bxf4 25. Rxf4 Rad8 26. Rd4 Qg5
27. h4 Qg6 28. Qd3 Rxd4 29. cxd4 Qxd3 30. Rxd3 Rd8 31. Kf2 f5 32. Ke3 Kf7 33.
Rc3 Rd6 34. Rc5 Ke6 35. Re5+ Kf6 36. Ra5 Re6+ 37. Kd3 g5 38. hxg5+ hxg5 39.
Rxa7 f4 40. gxf4 gxf4 41. Ra8 Kf5 42. Rf8+ Kg4 43. a4 Re3+ 44. Kc4 f3 45. b5
cxb5+ 46. axb5 Kg3 47. b6 Re1 48. b7 1-0

[Event "Oberjoch"]
[Site "?"]
[Date "2001.??.??"]
[Round "7"]
[White "Garbe, Heinz"]
[Black "Scholz, Herbert"]
[Result "0-1"]
[WhiteElo "1533"]
[BlackElo "1738"]
[Annotator "ChessOrg"]
[PlyCount "41"]

1. d4 Nf6 2. Nf3 e6 3. Bf4 b6 4. e3 Bb7 5. Be2 Be7 6. h3 O-O 7. O-O d5 8. Nbd2
Nbd7 9. c4 c5 10. dxc5 Nxc5 11. cxd5 Nxd5 12. Bh2 Nf6 13. a3 Rc8 14. Rc1 Bd5
15. b4 Nce4 16. Nxe4 Nxe4 17. Rxc8 Qxc8 18. Qc1 Nc3 19. Nd4 Bf6 20. Bf3 Bxf3
21. Nxf3 0-1

[Event "Oberjoch"]
[Site "?"]
[Date "2001.??.??"]
[Round "8"]
[White "Volf, Rudolf"]
[Black "Wempe, Juergen"]
[Result "0-1"]
[WhiteElo "1639"]
[BlackElo "2177"]
[Annotator "ChessOrg"]
[PlyCount "134"]

1. d4 f5 2. f4 e6 3. Nf3 Nf6 4. e3 b6 5. g3 Ne4 6. Bg2 c6 7. O-O Ba6 8. Re1 Bb4
9. c3 Be7 10. Nbd2 O-O 11. Qc2 d5 12. Ne5 Qe8 13. Qd1 Rf6 14. Nxe4 fxe4 15. Bd2
h5 16. h4 Rh6 17. Bf1 Bxf1 18. Kxf1 Qf8 19. Kg2 Qf5 20. Re2 a6 21. Qh1 Ra7 22.
Qh3 c5 23. Qxf5 exf5 24. b4 Nc6 25. Nxc6 Rxc6 26. a4 cxb4 27. cxb4 Rac7 28. Kf2
Rc4 29. Rb1 b5 30. axb5 axb5 31. Ke1 Ra7 32. Kd1 Ra3 33. Rc1 Kf7 34. Rxc4 bxc4
35. Bc1 Ra4 36. Rb2 Bxb4 37. Kc2 Be1 38. Rb7+ Kg6 39. Rb6+ Kh7 40. Rb5 Ra5 41.
Rxa5 Bxa5 42. Kd1 Bb4 43. Bd2 Bxd2 44. Kxd2 Kg8 45. Kc3 Kf7 46. Kb4 Ke6 47. Kc3
Kd6 48. Kb4 Kc6 49. Ka4 c3 50. Kb3 Kb5 51. Kxc3 Ka4 52. Kb2 Kb4 53. Kc2 Kc4 54.
Kd2 Kb3 55. Kd1 Kc3 56. Ke2 Kc2 57. g4 fxg4 58. f5 Kc3 59. Kf2 Kd3 60. Kg3 Kxe3
61. Kg2 Kf4 62. Kf2 g3+ 63. Kg2 e3 64. Kf1 Kf3 65. f6 g2+ 66. Kg1 e2 67. fxg7
e1=Q+ 0-1

[Event "Oberjoch"]
[Site "?"]
[Date "2001.??.??"]
[Round "8"]
[White "Watson, Ron"]
[Black "Aigner, Georg"]
[Result "1-0"]
[WhiteElo "2200"]
[BlackElo "1854"]
[Annotator "ChessOrg"]
[PlyCount "81"]

1. d4 Nf6 2. Nc3 d5 3. Bg5 e6 4. e4 Be7 5. e5 Nfd7 6. h4 c5 7. Nf3 Nc6 8. Bxe7
Qxe7 9. Nb5 Kd8 10. c3 f6 11. exf6 Qxf6 12. Be2 Rf8 13. O-O a6 14. Nd6 Qf4 15.
Nxc8 Rxc8 16. g3 Qf6 17. Ng5 Re8 18. Nxh7 Qh6 19. Ng5 Qf6 20. dxc5 Kc7 21. Bg4
Rcd8 22. b4 Nf8 23. Qb3 Ne5 24. Be2 d4 25. cxd4 Rxd4 26. Rad1 Nc6 27. b5 Rxd1
28. Rxd1 Nd4 29. Qe3 Nxb5 30. Bxb5 axb5 31. Ne4 Qe5 32. Nd6 Qh5 33. Nxe8+ Qxe8
34. Qe5+ Kc8 35. Qxg7 e5 36. h5 e4 37. Re1 Nd7 38. Qg4 Kc7 39. Rxe4 Qf7 40.
Qf4+ Qxf4 41. Rxf4 1-0

[Event "Oberjoch"]
[Site "?"]
[Date "2001.??.??"]
[Round "8"]
[White "Schulz, Hermann"]
[Black "Schmidt, Werner"]
[Result "0-1"]
[WhiteElo "1696"]
[BlackElo "1948"]
[Annotator "ChessOrg"]
[PlyCount "76"]

1. e4 c5 2. Nf3 d6 3. d4 cxd4 4. Nxd4 Nf6 5. Nc3 g6 6. Be3 Bg7 7. Bc4 O-O 8. f3
a6 9. Bb3 b5 10. Qd2 Nbd7 11. g4 Nc5 12. O-O-O Bb7 13. h4 Nxb3+ 14. axb3 h5 15.
Bg5 hxg4 16. Bxf6 exf6 17. fxg4 b4 18. Nd5 Bxd5 19. exd5 Qa5 20. Kb1 Qxd5 21.
Qxb4 a5 22. Qb5 Qe4 23. Qe2 Rfe8 24. Qf2 Qxg4 25. h5 f5 26. hxg6 fxg6 27. Nb5
Re2 28. Qb6 Qe4 29. Rc1 a4 30. Nxd6 Qe6 31. Qb7 Rd8 32. Nc4 axb3 33. Qxb3 Rc8
34. Na5 Qxb3 35. Nxb3 f4 36. c3 f3 37. Rhf1 Rb8 38. Ka2 f2 0-1

[Event "Oberjoch"]
[Site "?"]
[Date "2001.??.??"]
[Round "8"]
[White "Kumeth, Hartmut"]
[Black "Siegmund, Rainer"]
[Result "0-1"]
[WhiteElo "1665"]
[BlackElo "2130"]
[Annotator "ChessOrg"]
[PlyCount "162"]

1. b3 e5 2. Bb2 Nc6 3. e3 Nf6 4. g3 Be7 5. Bg2 O-O 6. Ne2 d6 7. O-O Bf5 8. d3
Qd7 9. e4 Bh3 10. Nd2 Bxg2 11. Kxg2 d5 12. f3 Rad8 13. Nc3 a6 14. Nxd5 Nxd5 15.
exd5 Qxd5 16. Qe2 Bc5 17. Ne4 Bd4 18. c3 Ba7 19. Rad1 Rfe8 20. Qc2 h6 21. a3
Qe6 22. Bc1 Ne7 23. Rde1 Qd5 24. Rd1 f5 25. Nf2 Qc6 26. Rfe1 Nd5 27. c4 Bd4 28.
Bd2 Rd7 29. Re2 Nf6 30. Be3 Qd6 31. Bxd4 Qxd4 32. Rde1 Rde7 33. b4 c5 34. h3
Re6 35. b5 Nh5 36. Qb3 Rg6 37. g4 Nf4+ 38. Kf1 Nxe2 39. Rxe2 Rf8 40. Qb2 fxg4
41. Qxd4 exd4 42. fxg4 Rgf6 43. Kg2 Rf3 44. a4 Re3 45. Rd2 Rfe8 46. Ne4 R8xe4
47. dxe4 Rxe4 48. bxa6 bxa6 49. Rb2 d3 50. Rb8+ Kf7 51. Rd8 Rxc4 52. Rxd3 Rxa4
53. Rd5 c4 54. Rd6 c3 55. Rc6 Ra2+ 56. Kf3 c2 57. Ke3 a5 58. Kd2 a4 59. Kc1 Ra3
60. Kxc2 Rxh3 61. Kb2 Rg3 62. Rc4 a3+ 63. Ka2 Kf6 64. Rd4 Kg5 65. Rb4 Rxg4 66.
Rb5+ Kh4 67. Kxa3 g5 68. Rb6 h5 69. Kb2 Rc4 70. Re6 g4 71. Rg6 Kg3 72. Rg5 h4
73. Rd5 h3 74. Rd3+ Kf4 75. Kb3 Re4 76. Rd7 h2 77. Rh7 g3 78. Rh4+ Kf3 79. Rh3
Kg2 80. Rh7 h1=Q 81. Rxh1 Kxh1 0-1

[Event "Oberjoch"]
[Site "?"]
[Date "2001.??.??"]
[Round "8"]
[White "Garbe, Heinz"]
[Black "Haase, Wolfgang"]
[Result "0-1"]
[WhiteElo "1533"]
[BlackElo "2053"]
[Annotator "ChessOrg"]
[PlyCount "75"]

1. e4 c5 2. Nf3 g6 3. d4 Bg7 4. dxc5 Qa5+ 5. Nbd2 Nc6 6. c3 Qxc5 7. Nb3 Qb6 8.
Be3 Qc7 9. g3 Nf6 10. Qc2 d6 11. Bg2 Be6 12. Nfd4 Bc4 13. Nxc6 bxc6 14. f3 a5
15. Kf2 h5 16. h3 h4 17. g4 d5 18. e5 Qxe5 19. f4 Qc7 20. Rhe1 O-O 21. Kg1 Rfe8
22. Qf2 Ne4 23. Bxe4 dxe4 24. Qxh4 e6 25. Qf2 Rab8 26. Nc5 Bd3 27. Rad1 Rbd8
28. Rd2 Rd5 29. Red1 Red8 30. Rc1 Qe7 31. a3 f5 32. g5 e5 33. h4 exf4 34. Nxd3
fxe3 35. Qxe3 Rxd3 36. Rxd3 Rxd3 37. Qe2 Qd6 38. Rc2 0-1